| 000 | 00686cam a2200265 i 4500 | ||
|---|---|---|---|
| 001 | 768714001 | ||
| 003 | CO-MdFUSB | ||
| 005 | 20240604101511.0 | ||
| 007 | ta | ||
| 008 | 240601t1947 -ec||||| |||| 00| 0 spa d | ||
| 040 | _cCO-MdFUSB | ||
| 041 | 0 | _aspa | |
| 082 | 0 | 4 |
_224 _a234 _bR577g |
| 100 | 1 |
_aRimmer, Harry (1890-1952) _eautor |
|
| 245 | 1 | 0 |
_aGusanos voladores _c/ Harry Rimmer |
| 264 | 1 |
_aGuayaquil, Ecuador : _bReed & Reed, _c[1947] |
|
| 264 | 4 | _c©1947 | |
| 300 | _a76 páginas | ||
| 336 |
_atexto _btxt _2rdacontent |
||
| 337 |
_2rdamedia _asin mediación _bn |
||
| 338 |
_2rdacarrier _avolumen _bnc |
||
| 653 | _aRegeneración | ||
| 942 | _cBK | ||
| 945 | _aestudiante | ||
| 999 |
_c34763 _d34763 |
||